| 000 | 01136nam a2200313 i 4500 | ||
|---|---|---|---|
| 003 | DO-SdBNP | ||
| 005 | 20260225074257.0 | ||
| 007 | ta | ||
| 008 | 260129b2025 dr ||||| |||| 00| 0 spa d | ||
| 020 | _a9789945292268 | ||
| 040 |
_aDO-SdBNP _bspa _cBNPHU _erda |
||
| 041 | _aspa | ||
| 082 | 4 |
_axxx _bD542e _222 |
|
| 100 |
_aDíaz Bermúdez, Rodrigo _eautor _983671 _4aut. |
||
| 245 | 1 | 0 |
_aEntre el mangú y la eternidad : _b(hacia la familia tipo concón) / _cRodrigo Díaz Bermúdez. |
| 264 |
_aSanto Domingo, República Dominicana : _b [editor no identificado] ; _c2025. |
||
| 300 |
_a238 páginas ; _c23 cm. |
||
| 336 |
_atexto _btxt _2rdacontent |
||
| 337 |
_asin mediación _bn _2rdamedia |
||
| 338 |
_avolumen _bnc _2rdacarrier |
||
| 500 | _aIncluye datos biográficos del autor en la solapa de la contracubierta | ||
| 500 | _aLa biblioteca posee un ejemplar auto biografiados | ||
| 504 | _aBibliografía: páginas 237-238 | ||
| 590 | _aInventariado, 2026 /LP | ||
| 700 | 1 |
_aDiaz Suero, Joel, _ecoordinador editorial _4coord. _988913 |
|
| 700 | 1 |
_aMagaña, Gerson, _erevisor _4rev. _988914 |
|
| 910 | _aLP | ||
| 942 |
_2ddc _cLBS1 |
||
| 999 |
_c60155 _d60155 |
||